Zegeri Bernardi Van-Espen ... Jus Ecclesiasticum Universum antiquae et recentioris disciplinae (Record no. 153959)
[ view plain ]
| 000 -LEADER | |
|---|---|
| campo de control de longitud fija | 00834nam a2200205 i 4500 |
| 001 - NÚMERO DE CONTROL | |
| campo de control | 153959 |
| 003 - IDENTIFICADOR DE NÚMERO DE CONTROL | |
| campo de control | ES-MaACL |
| 005 - FECHA Y HORA DE LA ÚLTIMA TRANSACCIÓN | |
| campo de control | 20250730063136.0 |
| 008 - DATOS DE LONGITUD FIJA--INFORMACIÓN GENERAL | |
| campo de control de longitud fija | 960214s1789 it |||| | lat d |
| 040 ## - FUENTE DE CATALOGACIÓN | |
| Centro catalogador/agencia de origen | EUS |
| Lengua de catalogación | spa |
| Centro/agencia transcriptor | EUS |
| 100 1# - ENTRADA PRINCIPAL--NOMBRE DE PERSONA | |
| Nombre de persona | Espen, Zergen Bernard van, |
| Fechas asociadas al nombre | 1646-1726 |
| 9 (RLIN) | 126963 |
| 245 10 - MENCIÓN DEL TÍTULO | |
| Título | Zegeri Bernardi Van-Espen ... Jus Ecclesiasticum Universum antiquae et recentioris disciplinae |
| Resto del título | : tomus decimus secundus continens : Operum indicem, ac vitam auctoris. |
| 260 ## - PUBLICACIÓN, DISTRIBUCIÓN, ETC. | |
| Lugar de publicación, distribución, etc. | Venetiis : |
| Nombre del editor, distribuidor, etc. | Ex typographia Balleoniana, |
| Fecha de publicación, distribución, etc. | 1789. |
| 300 ## - DESCRIPCIÓN FÍSICA | |
| Extensión | 336, 380 p. ; |
| Dimensiones | 8. |
| 505 8# - NOTA DE CONTENIDO CON FORMATO | |
| Nota de contenido con formato | Contiene: Index rerum notabilium, con pag. y sign. propias |
| 650 07 - PUNTO DE ACCESO ADICIONAL DE MATERIA--TÉRMINO DE MATERIA | |
| Término de materia o nombre geográfico como elemento de entrada | Derecho canónico |
| Fuente del encabezamiento o término | embne |
| 9 (RLIN) | 11655 |
| 852 ## - LOCALIZACIÓN | |
| Ubicación | ES-MaACL |
| Número de control de estantería | R-774-85 |
| Nota libre | Encuadernación pasta española |
| Signatura antigua | Olim: G-6783-94 |
| 942 ## - ELEMENTOS DE ENTRADA SECUNDARIOS (KOHA) | |
| Fuente del sistema de clasificación o colocación | Clasificación decimal universal |
| Estatus retirado | Estado de pérdida | Estado de daño | No para préstamo | Colección | Biblioteca de origen | Biblioteca actual | Ubicación en estantería | Fecha de adquisición | Total de préstamos | Signatura topográfica completa | Código de barras | Visto por última vez | Precio de reemplazo | Tipo de ítem Koha |
|---|---|---|---|---|---|---|---|---|---|---|---|---|---|---|
| Libros del s. XVIII | Biblioteca del Ateneo de Madrid | Biblioteca del Ateneo de Madrid | Depósito | 17/01/2008 | R-774-85 | 1160969 | 23/02/2023 | 23/02/2023 | Libro impreso antiguo |
